000 00492nam a22001937a 4500
003 OSt
005 20180116183041.0
008 160223b xxu||||| |||| 00| 0 eng d
020 _a06-160-87-1
040 _c0
050 _a174.4
082 _a174.4
100 _aSultan,Mahrukh.
245 _aGlaxo Laboratories ( PAK) Limited:Quality Assurance.
_bCase Studies.
_cMahrukh Sultan.
260 _aLahore
_bLUMS
_c1987
300 _a4p.
500 _aPaper Cover
942 _2ddc
_cCS
_k174.4
999 _c351237
_d351237